<?xml version="1.0" encoding="UTF-8"?>
<record
    xmlns:xsi="http://www.w3.org/2001/XMLSchema-instance"
    xsi:schemaLocation="http://www.loc.gov/MARC21/slim http://www.loc.gov/standards/marcxml/schema/MARC21slim.xsd"
    xmlns="http://www.loc.gov/MARC21/slim">

  <leader>03179cam a22003018i 4500</leader>
  <controlfield tag="001">17397126</controlfield>
  <controlfield tag="005">20150122120424.0</controlfield>
  <controlfield tag="008">120719t2013    xxka   frb   f001 0 eng d</controlfield>
  <datafield tag="010" ind1=" " ind2=" ">
    <subfield code="a">2012029229</subfield>
  </datafield>
  <datafield tag="020" ind1=" " ind2=" ">
    <subfield code="a">9780199759927 (cloth : alkaline paper)</subfield>
  </datafield>
  <datafield tag="040" ind1=" " ind2=" ">
    <subfield code="a">ICU/DLC</subfield>
    <subfield code="b">eng</subfield>
    <subfield code="c">ICU</subfield>
    <subfield code="d">DLC</subfield>
    <subfield code="d">EG-ScBUE</subfield>
  </datafield>
  <datafield tag="043" ind1=" " ind2=" ">
    <subfield code="a">e-ru---</subfield>
  </datafield>
  <datafield tag="082" ind1="0" ind2="0">
    <subfield code="a">330.947</subfield>
    <subfield code="2">22</subfield>
    <subfield code="b">OXF</subfield>
  </datafield>
  <datafield tag="245" ind1="0" ind2="4">
    <subfield code="a">The Oxford handbook of the Russian economy /</subfield>
    <subfield code="c">edited by Michael Alexeev, Shlomo Weber.</subfield>
  </datafield>
  <datafield tag="260" ind1=" " ind2=" ">
    <subfield code="a">Oxford, United Kingdom ;</subfield>
    <subfield code="a">New York, United States :</subfield>
    <subfield code="b">Oxford University Press,</subfield>
    <subfield code="c">c.2013.</subfield>
  </datafield>
  <datafield tag="300" ind1=" " ind2=" ">
    <subfield code="a">xiv, 849 p. :</subfield>
    <subfield code="b">ill. ;</subfield>
    <subfield code="c">26 cm.</subfield>
  </datafield>
  <datafield tag="500" ind1=" " ind2=" ">
    <subfield code="a">Index : p. 827-849.</subfield>
  </datafield>
  <datafield tag="504" ind1=" " ind2=" ">
    <subfield code="a">Includes bibliographical references.</subfield>
  </datafield>
  <datafield tag="505" ind1="0" ind2=" ">
    <subfield code="a">A look at the past. Modernization and the Russian economy : three hundred years of catching up / Mau and Drobyshevskaya ; Command economy and its legacy / Ericson ; Russia's economic transition / Aslund ; Transformational recession / Popov ; Growth trends in Russia after 1998 / Entov and Lugovoy-Institutions and governance. Institutional performance / Polishchuk ; Corporate governance in Russia / Enikolopov and Stepanov ; The Russian tax system / Alexeev and Conrad ; The unofficial economy in Russia / Kim ; Russian corruption / Levin and Satarov-Resources and environment. Russia's dependence on resources / Gaddy and Ickes ; The Russian oil sector / Moe and Kryukov ; The natural gas sector / Moe and Kryukov ; Russian electricity market: variants of development / Vasin ; The economics of mineral resources / Fortescue ; The challenge of reforming environmental regulation in Russia / Golub, Kozeltsev, Martusevich and Strukova-Financial and real sectors. Economics of the military-industrial complex / Rosefielde ; Blame the switchman? Russian railways restructuring after ten years / Pittman ; Russian agriculture and transition / Lerman and Sedik ; Science, high tech industries and innovation / Makarov and Varshavsky ; Russian banking as an active volcano / Schoors and Yudaeva ; Financial and credit markets / Sutela ; Russian trade and foreign direct investment policy at the crossroads / Tarr and Volchkova-Regions. Economic geography of Russia / Markevich and Mikhailova ; Fiscal federalism: impact of political and fiscal (de)centralization / Alexeev and Weber ; Regional challenges: the case of Siberia / Thornton-Policy and social challenges. Labor market adjustment: is Russia different? / Gimpelson and Kapelushnikov ; Privatization / Brown, Earle, and Gelbach ; Higher education reform and access to college in Russia / Kaganovich ; Russia's healthcare system : difficult path of reform / Shishkin ; Poverty and inequality in Russia / Lokshin and Yemtsov ; Recent demographic developments in the Russian federation / Denisova and Shapiro.</subfield>
  </datafield>
  <datafield tag="650" ind1=" " ind2="0">
    <subfield code="a">Economic development</subfield>
    <subfield code="z">Russia (Federation)</subfield>
    <subfield code="9">37317</subfield>
  </datafield>
  <datafield tag="651" ind1=" " ind2="0">
    <subfield code="a">Russia (Federation)</subfield>
    <subfield code="x">Economic conditions</subfield>
    <subfield code="y">1991-</subfield>
    <subfield code="9">37318</subfield>
  </datafield>
  <datafield tag="651" ind1=" " ind2="0">
    <subfield code="a">Russia (Federation)</subfield>
    <subfield code="x">Economic policy</subfield>
    <subfield code="y">1991-</subfield>
    <subfield code="9">37319</subfield>
  </datafield>
  <datafield tag="653" ind1=" " ind2=" ">
    <subfield code="b">BUSECO</subfield>
    <subfield code="c">January2015</subfield>
  </datafield>
  <datafield tag="655" ind1=" " ind2=" ">
    <subfield code="v">reading book</subfield>
    <subfield code="9">34232</subfield>
  </datafield>
  <datafield tag="700" ind1="1" ind2=" ">
    <subfield code="a">Alexeev, Michael V.,</subfield>
    <subfield code="d">1953-</subfield>
    <subfield code="e">editor.</subfield>
    <subfield code="9">37320</subfield>
  </datafield>
  <datafield tag="700" ind1="1" ind2=" ">
    <subfield code="a">Weber, Shlomo</subfield>
    <subfield code="e">editor.</subfield>
    <subfield code="9">37321</subfield>
  </datafield>
  <datafield tag="942" ind1=" " ind2=" ">
    <subfield code="2">ddc</subfield>
    <subfield code="k">330.947 OXF</subfield>
  </datafield>
  <datafield tag="999" ind1=" " ind2=" ">
    <subfield code="c">18931</subfield>
    <subfield code="d">18903</subfield>
  </datafield>
  <datafield tag="952" ind1=" " ind2=" ">
    <subfield code="0">0</subfield>
    <subfield code="1">0</subfield>
    <subfield code="2">ddc</subfield>
    <subfield code="4">0</subfield>
    <subfield code="7">0</subfield>
    <subfield code="8">Baccah</subfield>
    <subfield code="a">MAIN</subfield>
    <subfield code="b">MAIN</subfield>
    <subfield code="c">1ST</subfield>
    <subfield code="d">2015-01-22</subfield>
    <subfield code="e">purchase</subfield>
    <subfield code="g">702.00</subfield>
    <subfield code="h">21291</subfield>
    <subfield code="l">0</subfield>
    <subfield code="o">330.947 OXF</subfield>
    <subfield code="p">000037355</subfield>
    <subfield code="r">2025-07-15 00:00:00</subfield>
    <subfield code="v">878.00</subfield>
    <subfield code="y">BB</subfield>
  </datafield>
</record>
